| 000 | 00834nam a22002177a 4500 | ||
|---|---|---|---|
| 003 | BD-DhUL | ||
| 005 | 20170502111553.0 | ||
| 008 | 170502s2017 bg ||||| b||| 00| 0 ben | ||
| 020 | _a97898492130009 | ||
| 040 |
_aBD-DhUL _cBD-DhUL |
||
| 082 |
_a954.92 _bSAC |
||
| 100 | 1 | _aসাইয়িদ, আবু | |
| 245 | 1 |
_aকোর্ট মার্শাল : _b আমি মৃত্যুকে পরোয়া করি না / _c আবু সাইয়িদ |
|
| 260 |
_aঢাকা: _bসূচিপত্র, _c২০১৭. |
||
| 300 |
_a১৭৬ পৃ. ; _c ২২ সেমি |
||
| 365 |
_aBDT _b350.00 |
||
| 504 | _aগ্রন্থপঞ্জিগত তথ্য সংবলিত | ||
| 651 | 0 |
_aবাংলাদেশ _xইতিহাস |
|
| 651 | 0 |
_aBangladesh _xHistory |
|
| 942 |
_2ddc _cBK |
||
| 999 |
_c194081 _d194081 |
||